000
00282nam a2200133Ia 4500
005
20251222140104.0
008
251222s1900||||xx |||||||||||||| ||spa||
020
_a
842060240X
082
_a
184/P66P
100
_a
Platón
245
0
_a
Parmenides
264
_b
Alianza
942
_c
LIB
999
_c
4053
_d
4053